Nét đặc sắc trong đời sống văn hóa làng Phước Thuận
Khái quát địa lý, lịch sử văn hóa làng Phước Thuận thuộc Thành phố Đà Nẵng ngày nay.
שמור ב:
| מחבר ראשי: | |
|---|---|
| פורמט: | ספר |
| שפה: | Undetermined |
| יצא לאור: |
Hà Nội
Thanh Niên
2011
|
| נושאים: | |
| תגים: |
הוספת תג
אין תגיות, היה/י הראשונ/ה לתייג את הרשומה!
|
| Thư viện lưu trữ: | Trung tâm Học liệu Trường Đại học Cần Thơ |
|---|
| LEADER | 00824nam a2200205Ia 4500 | ||
|---|---|---|---|
| 001 | CTU_170585 | ||
| 008 | 210402s9999 xx 000 0 und d | ||
| 082 | |a 390.0959751 | ||
| 082 | |b H420 | ||
| 100 | |a Võ, Văn Hòe | ||
| 245 | 0 | |a Nét đặc sắc trong đời sống văn hóa làng Phước Thuận | |
| 245 | 0 | |c Võ Văn Hòe | |
| 260 | |a Hà Nội | ||
| 260 | |b Thanh Niên | ||
| 260 | |c 2011 | ||
| 520 | |a Khái quát địa lý, lịch sử văn hóa làng Phước Thuận thuộc Thành phố Đà Nẵng ngày nay. | ||
| 650 | |a Names, Geographical,Tên, địa lý | ||
| 650 | |z Vietnam,Đa Nang city,Việt Nam,Thành phố Đà Nẵng | ||
| 904 | |i Nguyễn Thị Mỹ Trân, Năm | ||
| 980 | |a Trung tâm Học liệu Trường Đại học Cần Thơ | ||